Central Library OPAC University of Rajshahi

Special cytology : (Record no. 11523)

MARC details
000 -LEADER
fixed length control field 00719nam a2200217 a 4500
001 - CONTROL NUMBER
control field 11523
003 - CONTROL NUMBER IDENTIFIER
rucl marc code BD-RjUL
005 - DATE AND TIME OF LATEST TRANSACTION
control field 20211208235135.0
008 - FIXED-LENGTH DATA ELEMENTS--GENERAL INFORMATION
fixed length control field 140127r19631928nyuaf b 001 0 eng c
035 ## - SYSTEM CONTROL NUMBER
System control number (BD-RjUL)11572
040 ## - CATALOGING SOURCE
Original cataloging agency DLC/ICU
Transcribing agency CGU
Modifying agency NLM
-- EQO
-- BD-RjUL
Language of cataloging eng
041 ## - LANGUAGE CODE
Language code of text/sound track or separate title eng
082 ## - DEWEY DECIMAL CLASSIFICATION NUMBER
Edition number 23
Classification number 571.6
Author mark and year SPE 1963
245 10 - TITLE STATEMENT
Title Special cytology :
Remainder of title the form and functions of the cell in health and disease; a textbook for students of biology and medicine .. /
Statement of responsibility, etc. edited by Edmund V. Cowdry
250 ## - EDITION STATEMENT
Edition statement 2nd. ed.
260 ## - PUBLICATION, DISTRIBUTION, ETC. (IMPRINT)
Place of publication, distribution, etc. New York :
Name of publisher, distributor, etc. P.B. Hoeber, inc.,
Date of publication, distribution, etc. 1928 [reprinted 1963]
300 ## - PHYSICAL DESCRIPTION
Pagination v. :
Illustrations ill. ;
Size 25 cm.
505 0# - FORMATTED CONTENTS NOTE
Formatted contents note vol. 1-- v. 2-- v. 3--
650 #0 - SUBJECT ADDED ENTRY--TOPICAL TERM
Topical term or geographic name as entry element Cytology
9 (RLIN) 35648
942 ## - ADDED ENTRY ELEMENTS (KOHA)
Source of classification or shelving scheme Dewey Decimal Classification
Koha item type Books
Holdings
Lost status Source of classification or shelving scheme Damaged status Not for loan Collection code Permanent Location Current Location Shelving location Date acquired Source of acquisition Cost, normal purchase price Total Checkouts Full call number Date last seen Copy number Koha item type
  Dewey Decimal Classification   Not For Loan Non-fiction Central Library, University of Rajshahi Central Library, University of Rajshahi Reading Room 02/06/1970 Zeitlinger 490.00   571.6 SPE V-3 1963 27/01/2014 C-1 Books
  Dewey Decimal Classification   Not For Loan   Central Library, University of Rajshahi Central Library, University of Rajshahi Reading Room 08/12/2021 Zeithinger 490.00   571.6 SPE V-2 1963 10/04/2017 C-1 Books
  Dewey Decimal Classification   Not For Loan Non-fiction Central Library, University of Rajshahi Central Library, University of Rajshahi Reading Room 17/01/1970 Zeitlinger 490.00   571.6 SPE V-1 1963 13/05/2017 C-1 Books